000 00654nam a2200217 a 4500
005 20240831063755.0
008 140327s2002 mx r 000 0 spa d
020 _a8484641643
035 _aUPN01000196622
049 _aI
050 4 _aPZ73
_bM4.6
100 1 _aMéndez Fernández, Ana Raquel
_935583
245 1 3 _aEl hombrecito de mazapán /
_cRaquel Méndez ; il. Elia Manero.
260 _aPontevedra, Esp. :
_bKalandraka;
_c2002.
300 _a[24] p. :
_bprincipalmente il. col.
440 0 _aLibros para soñar
650 4 _aCuentos infantiles españoles
_97725
700 1 _aManero, Elia,
_eil.
905 _aInfantil
999 _c168723
_d168723